Historia 2; desde los tiempos modernos hasta el nacimiento de la nación argentina /
Guardado en:
| Autor Principal: | |
|---|---|
| Formato: | Libro |
| Publicado: |
Argentina :
Troquel,
1980
|
| Edición: | 2a. ed. |
| Materias: | |
| Etiquetas: |
Agregar Etiqueta
Sin Etiquetas, Sea el primero en etiquetar este registro!
|
| LEADER | 02465nam a22003495a 4500 | ||
|---|---|---|---|
| 001 | CEM.cems003365 | ||
| 005 | 20061103153818.0 | ||
| 008 | 130507s1980##################000#0#####d | ||
| 003 | CEMS | ||
| 082 | 0 | 4 | |a 940.2 |
| 100 | 1 | |a Ibañez, José Cosmelli | |
| 245 | 1 | 0 | |a Historia 2; desde los tiempos modernos hasta el nacimiento de la nación argentina / |c José Cosmelli Ibañez |
| 250 | |a 2a. ed. | ||
| 260 | |a Argentina : |b Troquel, |c 1980 | ||
| 300 | |a 609 p. | ||
| 505 | 0 | |a El surgimiento del mundo nuevo -- La edad moderna -- El renacimiento -- Los descubrimientos. Conquista de América -- Predominio español -- Fin de la hegemonía española -- Europa en el siglo XVII -- El Río de la Plata: funciones. Pretensiones extranjeras -- América en el siglo XVIII -- Las nuevas ideas. Los borbones en España -- Virreinato del Río de la Plata. Inglaterra en el siglo XVIII -- Acción revolucionaria en América -- Revolución francesa -- Napoleón Bonaparte -- Invasiones inglesas -- Revolución de Mayo -- La independencia hispanoamericana -- La Restauración en Europa -- Primer triunvirato -- Acontecimientos militares (1812-1814) -- La Asamblea del año 1813 -- El Congreso de Tucumán -- Constitución de 1819 -- La hazaña libertadora -- Autonomias provinciales y unidad nacional -- Dorrego -- La ciudad y la campaña | |
| 653 | |a Historia 2do. año | ||
| 653 | |a Historia moderna | ||
| 653 | |a Historia contemporánea | ||
| 653 | |a Historia | ||
| 859 | |a CEMS |b BIB. CEMS - 11 de abril |h 940.2 |i Ib1-2a2 |p 10007.81 |t Ej.7 |v II |3 II | ||
| 859 | |a CEMS |b BIB. CEMS - 11 de abril |h 940.2 |i Ib1-2a2 |p 10008.81 |t Ej.10 |v II |3 II | ||
| 859 | |a CEMS |b BIB. CEMS - 11 de abril |h 940.2 |i Ib1-2a2 |p 10010.81 |t Ej.12 |v II |3 II | ||
| 859 | |a CEMS |b BIB. CEMS - 11 de abril |h 940.2 |i Ib1-2a2 |p 10011.81 |t Ej.11 |v II |3 II | ||
| 859 | |a CEMS |b BIB. CEMS - 11 de abril |h 940.2 |i Ib1-2a2 |p 10263.81 |t Ej.9 |v II |3 II | ||
| 859 | |a CEMS |b BIB. CEMS - 11 de abril |h 940.2 |i Ib1-2a2 |p 11545.82 |t Ej.1 |v II |3 II | ||
| 859 | |a CEMS |b BIB. CEMS - 11 de abril |h 940.2 |i Ib1-2a2 |p 11858.83 |t Ej.2 |v II |3 II | ||
| 859 | |a CEMS |b BIB. CEMS - 11 de abril |h 940.2 |i Ib1-2a2 |p 11859.83 |t Ej.3 |v II |3 II | ||
| 859 | |a CEMS |b BIB. CEMS - 11 de abril |h 940.2 |i Ib1-2a2 |p 11860.83 |t Ej.4 |v II |3 II | ||
| 859 | |a CEMS |b BIB. CEMS - 11 de abril |h 940.2 |i Ib1-2a2 |p 11861.83 |t Ej.5 |v II |3 II | ||
| 859 | |a CEMS |b BIB. CEMS - 11 de abril |h 940.2 |i Ib1-2a2 |p 11862.83 |t Ej.6 |v II |3 II | ||
| 859 | |a CEMS |b BIB. CEMS - 11 de abril |h 940.2 |i Ib1-2a2 |p 13716.85 |t Ej.13 |v II |3 II | ||
